| 000 | 00774nam a2200181Ia 4500 | ||
|---|---|---|---|
| 003 | IN-BaIIA | ||
| 008 | 211028s9999 xx 000 0 eng d | ||
| 040 | _cIIA Library | ||
| 100 |
_aSakurai, Takayuki _936144 |
||
| 245 | 0 |
_aRadioastronomical measurements of plasma characteristics of the solar corona and the solar wind _ba thesis submitted in partial fulfillment of the requirements for the doctor of philosophy degree in physics in the graduate college of the University of Iowa _cTakayuki Sakurai |
|
| 260 |
_aU.S.A _bUniversity of Microfilms International _c1993 |
||
| 300 | _axiv, 194p. | ||
| 650 |
_aRadioastronomy-Theses _936145 |
||
| 650 |
_aSolar corona-Theses _936146 |
||
| 650 |
_aSolar wind-Theses _936147 |
||
| 700 |
_aSteven R. Spangler _936148 |
||
| 942 | _cBK | ||
| 999 |
_c18923 _d18923 |
||